Nhập môn tiếng Việt Đặng Văn Đạm, Hà Vinh
Sparad:
| Huvudupphovsman: | |
|---|---|
| Materialtyp: | Bok |
| Språk: | Vietnamese |
| Taggar: |
Lägg till en tagg
Inga taggar, Lägg till första taggen!
|
| Thư viện lưu trữ: | Mạng thư viện Đại học Đà Nẵng |
|---|
| LEADER | 00638nam a2200241 4500 | ||
|---|---|---|---|
| 001 | 000008332 | ||
| 003 | 4519 | ||
| 005 | 20111014161050.0 | ||
| 008 | 111014s viesd | ||
| 020 | |c 30000đ | ||
| 041 | 0 | |a vie | |
| 082 | |a 495.9228 |b ĐĂ-Đ | ||
| 100 | 0 | |a Đặng Văn Đạm- Hà Vinh | |
| 245 | 0 | |a Nhập môn tiếng Việt |b Đặng Văn Đạm, Hà Vinh |c Đặng Văn Đạm- Hà Vinh | |
| 300 | |c 19 cm | ||
| OWN | |a LSP | ||
| 999 | |a From the UDN01 | ||
| TYP | |a Monograph | ||
| TYP | |a Printed language | ||
| 980 | |a Mạng thư viện Đại học Đà Nẵng | ||